Cross-cultural research and the challenges of globalisation

Teoretické a metodologické výsledky v oblasti interkultúrneho výskumu. Rôzne typy správania v kultúrach. Psychologické aspekty rozdielov. Interkultúrny výskum a interkultúrna komunikácia.

Gespeichert in:
Bibliographische Detailangaben
1. Verfasser: Némethová, Ildikó, 1974-
Format: Buchkapitel
Sprache:Englisch
Schlagworte:
Tags: Tag hinzufügen
Keine Tags, Fügen Sie das erste Tag hinzu!

MARC

LEADER 00000nla a2200000 4500
001 0200434
005 20240502083509.5
041 0 |a eng 
044 |a HU 
245 1 0 |a Cross-cultural research and the challenges of globalisation  |c Ildikó Némethová 
520 |a Teoretické a metodologické výsledky v oblasti interkultúrneho výskumu. Rôzne typy správania v kultúrach. Psychologické aspekty rozdielov. Interkultúrny výskum a interkultúrna komunikácia. 
610 2 0 |a kultúra 
610 2 0 |a spoločnosť 
610 2 0 |a psychológia 
610 2 0 |a správanie 
610 2 0 |a komunikácia interkultúrna 
610 2 0 |a výskum 
100 1 |a Némethová, Ildikó, 1974-